000 01475nam2a22002771 4500
001 v19\rc\1928885
005 20260407071512.0
035 _a(NLR Aleph) 005014198
090 _a6519890
_c6519890
100 _a20080404d1912 u y0rusy50 ca
101 0 _arus
102 _aRU
105 _ay z |||||
200 1 _aОтдел исторический
_eИстория русская, церковная и всеобщая, археология, палеография, дипломатика и др. вспомогательные науки
_fСост. под ред. секретаря Ком. С.Р. Минцлова
210 _d1912
215 _a40 с.
461 0 _1001v19\rc\1928884
_12001#$aКаталог книг Публичной библиотеки Новгородского губернского статистического комитета$e1$v1
_96519882
_aНовгородская публичная б-ка
_cНовгород
_d1912
_o1
_tКаталог книг Публичной библиотеки Новгородского губернского статистического комитета
_v1
702 1 _4340
_7ca
_8rus
_aМинцлов
_bС. Р.
_f1870-1933
_gСергей Рудольфович
_3RU\NLR\AUTH\770278983
_92650950
801 0 _aRU
_bNLR
_gpsbo
801 0 _aRU
_bRuMoRGB
_2psbo
801 1 _aRU
_bProSoft-M
_2rusmarc
852 _aNLR
_j37.60.3.287
899 _aRuMoRGB
_jR 10/967
899 _aБАН
942 _cBOOK
980 _aNB